000
00283nam a22001217a 4500
008
230623b xxu||||| |||| 00| 0 eng d
082
_a
330.96
_b
NAM 1990
245
_a
Namibia Brief
260
_a
Namibia
_b
Namibia Foundation
_c
1990
300
_a
47p
440
_n
12
942
_2
ddc
_c
BK
999
_c
2551
_d
2551